Vaduz - Choix multiples - Statistiques

Statistiques générales
  • Ce quiz a été pris 46 fois
  • Le résultat moyen est 5 sur 10
Statistiques - réponses
Question Réponse % Correct
Quel cours d'eau fait frontière entre Vaduz et la Suisse ? Le Rhin
72%
Quel évènement sportif Vaduz a-t-elle déjà accueilli ? Le départ du Tour de Suisse
67%
Dans quel championnat le FC Vaduz évolue-t-il ? En Suisse
63%
Lequel de ces châteaux est celui de Vaduz ?
60%
En 2011, sur quelle plateforme une opération marketing permettait-elle de louer le Liechtenstein en utilisant un cliché de Vaduz comme image de présentation ? Airbnb
53%
Que ce bâtiment accueille-t-il ?
Le Musée des Beaux Arts du Liechtenstein
42%
Que trouve-t-on au coeur de la ville, autour du restaurant Torkel ? Un vignoble
42%
Pour quel musée atypique la ville est-elle notamment réputée ? Son musée de la poste
37%
A la suite de la dissolution du Saint-Empire et de l'entrée du Liechtenstein dans la confédération du Rhin, quelle puissance occupa brièvement Vaduz et son château ? La France
28%
Quelle est la particularité de la cathédrale Saint-Florin de Vaduz ? Elle abrite la crypte de la maison de Liechtenstein.
21%
Aucun quiz correspondant
Distribution des résultats
% des personnes avec chaque résultat
Percentile par nombre de réponses
Votre historique - résultats
Vous n’avez pas pris ce quiz